The Pakistan-China axis (Record no. 79107)

MARC details
000 -LEADER
fixed length control field 00741cam a22002531 4500
001 - CONTROL NUMBER
control field sa 68002948
003 - CONTROL NUMBER IDENTIFIER
control field DLC
005 - DATE AND TIME OF LATEST TRANSACTION
control field 20260227112448.0
008 - FIXED-LENGTH DATA ELEMENTS--GENERAL INFORMATION
fixed length control field 800226s1967 ii b 000 0 eng
010 ## - LIBRARY OF CONGRESS CONTROL NUMBER
LC control number sa 68002948
025 ## - OVERSEAS ACQUISITION NUMBER
Overseas acquisition number PL480:I-E-9419
035 ## - SYSTEM CONTROL NUMBER
System control number (OCoLC)6022394
040 ## - CATALOGING SOURCE
Original cataloging agency DLC
Transcribing agency OYU
Modifying agency OCoLC
-- DLC
042 ## - AUTHENTICATION CODE
Authentication code premarc
050 00 - LIBRARY OF CONGRESS CALL NUMBER
Classification number DS383.5.I5
Item number S48
082 ## - DEWEY DECIMAL CLASSIFICATION NUMBER
Classification number 327.549
100 1# - MAIN ENTRY--PERSONAL NAME
Personal name Sharma, Brij Lal,
Dates associated with a name 1906-
245 14 - TITLE STATEMENT
Title The Pakistan-China axis
Statement of responsibility, etc. [by] B.L. Sharma.
260 ## - PUBLICATION, DISTRIBUTION, ETC.
Place of publication, distribution, etc. Bombay,
-- New York,
Name of publisher, distributor, etc. Asia Pub. House
Date of publication, distribution, etc. [1968, i.e. 1967]
300 ## - PHYSICAL DESCRIPTION
Extent viii, 226 p.
Dimensions 23 cm.
504 ## - BIBLIOGRAPHY, ETC. NOTE
Bibliography, etc. note Bibliographical footnotes.
651 #0 - SUBJECT ADDED ENTRY--GEOGRAPHIC NAME
Geographic name Pakistan
General subdivision Foreign relations
Geographic subdivision India.
651 #0 - SUBJECT ADDED ENTRY--GEOGRAPHIC NAME
Geographic name India
General subdivision Foreign relations
Geographic subdivision Pakistan.

No items available.

Powered by Koha